Etica y derechos humanos: un ensayo de fundamentación

Saved in:
Bibliographic Details
Main Author: Nino, Carlos Santiago (autor)
Format: Book
Language:Spanish
Published: Buenos Aires Astrea 1989
Edition:2a. ed
Series:Filosofía y Derecho, 15
Subjects:
Tags: Add Tag
No Tags, Be the first to tag this record!

MARC

LEADER 00000nam a2200000 a 4500
001 UCV1440
003 CL-VaPUC
008 900622e19890000AG |||||||||||||||||spa|d
082 0 4 |a 340.112  |b NIN  |2 21 
100 |a Nino, Carlos Santiago  |e autor  |9 295699 
245 1 0 |a Etica y derechos humanos: un ensayo de fundamentación 
250 |a 2a. ed 
300 |a 494 p 
942 |c BK 
945 |d 19900622 00:00:00 
260 |a Buenos Aires  |b Astrea  |c 1989 
650 0 |a Derechos humanos  |9 223025 
650 0 |a Derechos civiles  |9 255655 
650 0 |a Derecho y ética   |9 255883 
650 7 |a PENA CAPITAL  |2 CL-VaPUC  |9 256426 
583 |a last modification  |c 20150714 03:47:35  |k Rodrigo Vera 
490 0 |a Filosofía y Derecho, 15 
999 |c 209394  |d 209392 
952 |0 0  |1 0  |4 0  |6 340_112000000000000_NIN_1989  |7 0  |8 DER_TF  |9 184765  |a BIBDER  |b BIBDER  |d 2019-11-14  |i 2520869  |o 340.112 NIN 1989  |p 2520869  |r 2023-01-25  |w 2019-11-14  |x Ubicación 4to Piso  |y BK  |z Estos recursos deben solicitarse con anticipación  |k DER 
952 |0 0  |1 0  |4 0  |6 340_112000000000000_NIN_1989  |7 0  |8 A  |9 184766  |a BIBTEO  |b BIBTEO  |d 2019-11-14  |i 4755669  |o 340.112 NIN 1989  |p 4755669  |r 2025-01-17  |w 2019-11-14  |y BK  |k ICR